000 00400pab a2200133 454500
008 180718b1983 xxu||||| |||| 00| 0 eng d
100 _aKennedy, Michael D.
245 _aUrban fiscal crisis and forms of expenditure
_bAn empirical evaluation of structurist urban theory
260 _c1983
300 _a34-40
650 _aMunicipal Finance
773 _aComparative Urbana Research
909 _a13844
999 _c13844
_d13844